000 00542nam a22001817a 4500
005 20180710143409.0
010 _aENG-123426
020 _a9789387572577
_c945.00
035 _aEN-106958
037 _bDBAD/PUB.
082 _a530
100 _aBajaj, N.K.
245 0 0 _aJEE advanced comprehensive physics /
_bby N.K. Bajaj
260 _aNew Delhi
_bMcGraw Hill Education
_c2018
270 _aP-24, Green Park Extn.
_bNew Delhi
_e110016
300 _axiii,various paging.
_c27cm(pbk)
_bill.
942 _2ddc
_cEN
_mBAJ
_h530
999 _c153756
_d153756